Chromatography: A review of principles and applications (Record no. 20595)
[ view plain ]
| 000 -LEADER | |
|---|---|
| fixed length control field | 00389nam a2200145Ia 4500 |
| 082 ## - DEWEY DECIMAL CLASSIFICATION NUMBER | |
| Classification number | 543.544 |
| Item number | LED;1 |
| 100 ## - MAIN ENTRY--AUTHOR NAME | |
| Personal name | Lederer, Edgar |
| 245 #0 - TITLE STATEMENT | |
| Title | Chromatography: A review of principles and applications |
| 250 ## - EDITION STATEMENT | |
| Edition statement | Ed.2 |
| 260 ## - PUBLICATION, DISTRIBUTION, ETC. (IMPRINT) | |
| Place of publication | Amsterdam |
| Name of publisher | Elsevier |
| Year of publication | 1957 |
| 650 ## - SUBJECT ADDED ENTRY--TOPICAL TERM | |
| Topical Term | Chromatography |
| 700 ## - ADDED ENTRY--PERSONAL NAME | |
| Personal name | Lederer, Michael |
| 942 ## - ADDED ENTRY ELEMENTS (KOHA) | |
| Koha item type | Books |
| Withdrawn status | Lost status | Damaged status | Not for loan | Home library | Current library | Date acquired | Cost, normal purchase price | Full call number | Accession Number | Koha item type |
|---|---|---|---|---|---|---|---|---|---|---|
| RRII Library | RRII Library | 16/12/2021 | 0.75 | 543.544 LED;1 | 01317 | Books |